Non-permanent Members of the UNSC - Sudden Death - Statistics

General Stats
  • This quiz has been taken 50 times
    21 since last reset
  • The average score is 2 of 10
Answers on the Grid
Answers color-coded by a green-red scale on the quiz's grid according to % correct below.
Algeria
Germany
Somalia
Panama
Guyana
Malta
Serbia
Denmark
Ethiopia
San Marino
Pakistan
Jordan
South Korea
Sierra Leone
Switzerland
Australia
Mexico
Burkina Faso
Slovenia
Greece
 
Answer Stats
Answer % Correct
South Korea
36%
Pakistan
27%
Panama
27%
Somalia
27%
Algeria
18%
Slovenia
18%
Greece
9%
Guyana
9%
Sierra Leone
9%
Denmark
0%
No matching quizzes found
Score Distribution
Percent of People with Each Score
Percentile by Number Answered
Your Score History
You have not taken this quiz since the last reset